<?xml version="1.0" encoding="UTF-8"?>
<collection xmlns="http://www.loc.gov/MARC21/slim">
 <record>
  <leader>03440nam a22005055a 4500</leader>
  <controlfield tag="001">CEM.cems024383</controlfield>
  <controlfield tag="008">241128s2004####ag############000#0#und#d</controlfield>
  <controlfield tag="005">20241128151821.0</controlfield>
  <datafield tag="245" ind1="1" ind2="0">
   <subfield code="a">Poesía para chicos :</subfield>
   <subfield code="b">antología /</subfield>
   <subfield code="c">Elsa Bornemann ... y otros ; ilustraciones de Sara Sedran.</subfield>
  </datafield>
  <datafield tag="250" ind1=" " ind2=" ">
   <subfield code="a">1a ed.</subfield>
  </datafield>
  <datafield tag="260" ind1=" " ind2=" ">
   <subfield code="a">Buenos Aires :</subfield>
   <subfield code="b">Alfaguara,</subfield>
   <subfield code="c">2004.</subfield>
  </datafield>
  <datafield tag="300" ind1=" " ind2=" ">
   <subfield code="a">91 p.</subfield>
  </datafield>
  <datafield tag="490" ind1="1" ind2=" ">
   <subfield code="a">Próxima parada Alfaguara</subfield>
  </datafield>
  <datafield tag="500" ind1=" " ind2=" ">
   <subfield code="a">Desde 8 años.</subfield>
  </datafield>
  <datafield tag="500" ind1=" " ind2=" ">
   <subfield code="a">Biografía de los autores p. 83.</subfield>
  </datafield>
  <datafield tag="505" ind1="0" ind2=" ">
   <subfield code="a">PRIMERA PARTE: POEMAS DE HOY -- MUNDO COTIDIANO -- Una casa como hay pocas / Elsa Bornemann -- Palabras / Liliana Cinetto -- Canción del garbanzo peligroso / Laura Devetach -- Puntualidad / Ruth Kaufman -- Con su blanco escudo / Jorge Luján -- Rumba sin rumbo / Silvia Schujer -- Romance del señor titiritero / Javier Villafañe -- REINO ANIMAL -- Romance de la gaviota y el pez volador (cuento en verso) / Julia Chaktoura -- Con cola de ronda / Griselda Gálmez -- En las tinieblas / Jorge Luján -- Mucha sed / María Cristina Ramos -- Amor gigante / Graciela Repún -- Fábula de Nicasio el lagarto / Esteban Valentino -- ¿Saben lo que le sucede a esa lombriz... / María Elena Walsh -- TIERRA DE FANTASÍA -- Romancito de la niña y el fantasma / Elsa Bornemann -- Nana de la bruja bella / Alberto José Miyara -- Había un caldero lleno / Cecilia Pisos -- La espantosa historia del monstruo y la achicoria / Guillermo Saavedra -- La temible Filiberta Barrabasa / Ana María Shua y Paloma Fabrykant -- Canción en on del duende / María Elena Walsh -- SEGUNDA PARTE: POEMAS DE AYER -- GRANDES CLÁSICOS DE LA POESÍA -- El canto errante / Rubén Darío -- XXXIX / José Martí -- Dos milagros / José Martí -- Los sentidos / Amado Nervo -- VERSOS TRADICIONALES -- Coplas enrevesadas -- Mi morena -- Coplas con disparates -- Mañana es domingo -- Adivinanzas -- Canción del burro enfermo</subfield>
  </datafield>
  <datafield tag="520" ind1=" " ind2=" ">
   <subfield code="a">Esta antología reúne poemas correspondientes a importantes escritores, así como canciones, coplas, adivinanzas y otros textos en verso que pertenecen a la literatura tradicional. Personajes insólitos, situaciones cotidianas y otros temas interesantes se combinan con el ritmo, el movimiento y el placer estético que brinda el lenguaje poético. Los lectores encontrarán en este libro un motivo para disfrutar y jugar con las palabras y, a la vez, para enriquecer sus experiencias, su lenguaje y su sensibilidad.</subfield>
  </datafield>
  <datafield tag="020" ind1=" " ind2=" ">
   <subfield code="a">9505119232</subfield>
  </datafield>
  <datafield tag="100" ind1="1" ind2=" ">
   <subfield code="a">Sedran, Sara; il.</subfield>
  </datafield>
  <datafield tag="700" ind1="1" ind2=" ">
   <subfield code="a">Bornemann, Elsa.</subfield>
  </datafield>
  <datafield tag="700" ind1="1" ind2=" ">
   <subfield code="a">Cinetto, Liliana.</subfield>
  </datafield>
  <datafield tag="700" ind1="1" ind2=" ">
   <subfield code="a">Devetach, Laura.</subfield>
  </datafield>
  <datafield tag="700" ind1="1" ind2=" ">
   <subfield code="a">Kaufman, Ruth.</subfield>
  </datafield>
  <datafield tag="700" ind1="1" ind2=" ">
   <subfield code="a">Luján, Jorge.</subfield>
  </datafield>
  <datafield tag="700" ind1="1" ind2=" ">
   <subfield code="a">Schujer, Silvia.</subfield>
  </datafield>
  <datafield tag="700" ind1="1" ind2=" ">
   <subfield code="a">Villafañe, Javier.</subfield>
  </datafield>
  <datafield tag="700" ind1="1" ind2=" ">
   <subfield code="a">Chaktoura, Julia.</subfield>
  </datafield>
  <datafield tag="700" ind1="1" ind2=" ">
   <subfield code="a">Gálmez, Griselda.</subfield>
  </datafield>
  <datafield tag="700" ind1="1" ind2=" ">
   <subfield code="a">Ramos, María Cristina.</subfield>
  </datafield>
  <datafield tag="700" ind1="1" ind2=" ">
   <subfield code="a">Repún, Graciela.</subfield>
  </datafield>
  <datafield tag="700" ind1="1" ind2=" ">
   <subfield code="a">Valentino, Esteban.</subfield>
  </datafield>
  <datafield tag="700" ind1="1" ind2=" ">
   <subfield code="a">Walsh, María Elena.</subfield>
  </datafield>
  <datafield tag="700" ind1="1" ind2=" ">
   <subfield code="a">Miyara, Alberto José.</subfield>
  </datafield>
  <datafield tag="700" ind1="1" ind2=" ">
   <subfield code="a">Pisos, Cecilia.</subfield>
  </datafield>
  <datafield tag="700" ind1="1" ind2=" ">
   <subfield code="a">Saavedra, Guillermo.</subfield>
  </datafield>
  <datafield tag="700" ind1="1" ind2=" ">
   <subfield code="a">Shua, Ana María.</subfield>
  </datafield>
  <datafield tag="700" ind1="1" ind2=" ">
   <subfield code="a">Fabrykant, Paloma.</subfield>
  </datafield>
  <datafield tag="700" ind1="1" ind2=" ">
   <subfield code="a">Darío, Rubén.</subfield>
  </datafield>
  <datafield tag="700" ind1="1" ind2=" ">
   <subfield code="a">Martí, José.</subfield>
  </datafield>
  <datafield tag="700" ind1="1" ind2=" ">
   <subfield code="a">Nervo, Amado.</subfield>
  </datafield>
  <datafield tag="653" ind1=" " ind2=" ">
   <subfield code="a">Antología</subfield>
  </datafield>
  <datafield tag="653" ind1=" " ind2=" ">
   <subfield code="a">Antología poética</subfield>
  </datafield>
  <datafield tag="653" ind1=" " ind2=" ">
   <subfield code="a">Poesía</subfield>
  </datafield>
  <datafield tag="859" ind1=" " ind2=" ">
   <subfield code="a">CEMS</subfield>
   <subfield code="b">BIB. CEMS - Inicial y Primaria</subfield>
   <subfield code="h">808.1</subfield>
   <subfield code="i">B736</subfield>
   <subfield code="k">IP</subfield>
   <subfield code="p">2762</subfield>
   <subfield code="t">Ej.1</subfield>
  </datafield>
  <datafield tag="859" ind1=" " ind2=" ">
   <subfield code="a">CEMS</subfield>
   <subfield code="b">BIB. CEMS - Inicial y Primaria</subfield>
   <subfield code="h">808.1</subfield>
   <subfield code="i">B736</subfield>
   <subfield code="k">IP</subfield>
   <subfield code="p">3933</subfield>
   <subfield code="t">Ej.2</subfield>
  </datafield>
 </record>
</collection>
